| 000 | 00527aam a2200193 4500 | ||
|---|---|---|---|
| 005 | 20170123105946.0 | ||
| 008 | 150226b xxu||||| |||| 00| 0 eng d | ||
| 041 | _aSPA | ||
| 082 | _aDE 158 | ||
| 100 |
_aMadriz Coto, Ángelica _936766 |
||
| 245 | _aInforme de Práctica Supervisada en el INA, Cartago | ||
| 260 | _c2015 | ||
| 650 |
_aCOSTA RICA _936767 |
||
| 650 |
_aADMINISTRACIÓN DE EMPRESAS _9521 |
||
| 650 |
_aADQUISICIONES _936768 |
||
| 650 |
_aCOMPRAS DIRECTAS _936769 |
||
| 650 |
_aLICITACIONES _91543 |
||
| 942 | _cIP | ||
| 999 |
_c8784 _d8784 |
||